Izmerenije verojatnostnych charakteristik slučajnych processov s primenenijem stochastičeskich vyčislitel'nych ustrojstv

Saved in:
Bibliographic Details
Format: Book
Language:Russian
Published: Leningrad Energoatomizdat 1982
Tags: Add Tag
No Tags, Be the first to tag this record!

MARC

LEADER 00000nam a2200000 4500
001 c132613
005 20041019155255.7
041 0 |a rus 
044 |a RU 
245 1 0 |a Izmerenije verojatnostnych charakteristik slučajnych processov s primenenijem stochastičeskich vyčislitel'nych ustrojstv 
264 1 |a Leningrad  |b Energoatomizdat  |c 1982 
300 |a 127 s.